Holiday Quiz

Random Holiday or Easter Quiz
Score 0/20 Timer 06:00
2 Plays Today
% Correct
14 carrot gold.
93.2%
He was eggspelled.
92%
By hare plane.
91.9%
With a hare-dryer.
91.8%
Because then it would be a foot.
91.6%
Fry-days.
91.1%
Because he was eggo-centric.
91.1%
An egg-stra terrestrial.
91%
It might crack up.
90.5%
To a re-tail store!
90%
% Correct
At IHOP.
89.7%
Because an egg beater!
88.4%
Basket-ball, of course!
88.2%
It's been nice gnawing you.
88.1%
Egg-xercise and hare-robics.
88%
They lived hoppily ever after.
87.8%
With the letter R.
86.5%
He said it was eggs-cellent.
84.2%
He was a little chicken.
81.7%
Eggs marks the spot.
81.3%
Remove Ads.
Support Sporcle.
Get the best of Sporcle when you Go Orange. This ad-free experience offers more features, more stats, and more fun while also helping to support Sporcle. Thank you for becoming a member.

You're not logged in!

Compare scores with friends on all Sporcle quizzes.
OR
Log In

Show Comments

Extras

Top Quizzes Today


Score Distribution

Your Account Isn't Verified!

In order to create a playlist on Sporcle, you need to verify the email address you used during registration. Go to your Sporcle Settings to finish the process.

Report this User

Report this user for behavior that violates our Community Guidelines.

Details: